Quizz global Prison Break - Statistiques

Statistiques générales
  • Ce quiz a été pris 940 fois
  • Le résultat moyen est 4 sur 15
Statistiques - réponses
Questions Réponse % Correct
Qui a assassiné David Apolskis ? Alexander Mahone
88%
Quel est la fonction du père de Sara Tancredi Gouverneur
62%
Surnom de David Apolskis ? L'acrobate
52%
Comment se fait appeler l'antagoniste de fin de Prison Break ? Poséidon
46%
A quel produit Sara était-elle addicte ? La Morphine
43%
Comment s'appel le bras droit de Lechero ? Sammy
39%
Quel est le médicament qui fait monter l'insuline que Scofield demande à C-Note à Fox River ? Pugnac
26%
Nom du chat de Charles Westmorland ? Marilyn
14%
A quelle date Lincoln Burrows doit-il se faire initialement exécuté ? 11 Mai
12%
Qui profite des 5 Millions de dollars de D.B. Cooper avant de se faire assassiné par T-Bag Ron William Geary
10%
Qui Michael doit-il faire évader à Sona ? James Whistler
8%
Avec qui finit Alexander Mahone à la fin de la série ? Félicia
7%
Où se passe la saison 5 ? Au Yémen
5%
Où veut se rendre Charles Patoshik une fois évadé de Fox River ? Aux Pays Bas
3%
Quel est la phrase qu'il est inscrit sur la tombe de Michael Scofield ? Sois le changement que tu veux voir dans le monde
3%
Aucun quiz correspondant
Distribution des résultats
% des personnes avec chaque résultat
Percentile par nombre de réponses
Votre historique - résultats
Vous n’avez pas pris ce quiz